000 00943nmm a2200289 a 4500
001 ocm000716544
003 TR-IsHL
005 20201028124534.0
008 130902s2010 tu tur
007 cr cn
020 _a9789759088811
035 _a716544
_b(N$T)
050 0 4 _aPL248.A364
_bF4538 2010
090 0 4 _aPL248.A364
_bF4538 2010
100 1 _aEfendi, Ahmet Mithat
245 1 0 _aFelatun Bey ile Rakım Efendi
_h[electronic resource] /
_cAhmet Mithat Efendi ; ed. Erdal Çakıcıoğlu
250 _a1. bs.
260 _aİstanbul :
_bBirleşik Yayın Grubu,
_c2010
300 _a184 p.
650 4 _aDil ve Edebiyat
650 4 _aLanguage and Literature
650 0 _aTürk romanı
650 0 _aTurkish fiction
650 7 _aLITERARY COLLECTIONS / Middle Eastern
_2bisacsh
700 1 _aÇakıcıoğlu, Erdal
856 4 0 _uhttp://search.ebscohost.com/login.aspx?direct=true&scope=site&db=e011xww&AN=716544
999 _c3005
_d3005